| 000 | 00765nam a2200229Ia 4500 | ||
|---|---|---|---|
| 001 | 3152 | ||
| 003 | GE_BSU | ||
| 008 | 181216s||||||||xx |||||||||||||| ||und|| | ||
| 040 | _cGE_BSU | ||
| 080 | _a514.12(076.1) | ||
| 100 | _aЦубербиллер,О.Н. | ||
| 245 | _aЗадачи и упражнения по аналитической геометрии. | ||
| 245 | _bУчебное пособие. | ||
| 245 | _cРед. Н.А.Угарова. | ||
| 250 | _aИзд двадцаць девятое, стереотипное. | ||
| 260 | _aМ. | ||
| 260 | _bНаука. | ||
| 260 | _c1968. | ||
| 300 | _a336 стр. с илл. 20 см. | ||
| 653 | _aЗадачи и упражнения по аналитической геометрии. | ||
| 942 | _cBK | ||
| 999 |
_c37196 _d37196 |
||